Digital marketing (Record no. 115565)
[ view plain ]
| 000 -LEADER | |
|---|---|
| fixed length control field | 00216 a2200097 4500 |
| 020 ## - INTERNATIONAL STANDARD BOOK NUMBER | |
| International Standard Book Number | 9780199455447 |
| 100 ## - MAIN ENTRY--PERSONAL NAME | |
| Personal name | Vandana Ahuja |
| 245 ## - TITLE STATEMENT | |
| Title | Digital marketing |
| 260 ## - PUBLICATION, DISTRIBUTION, ETC. (IMPRINT) | |
| Name of publisher, distributor, etc | Oxford University Press |
| Date of publication, distribution, etc | 2024 |
| 942 ## - ADDED ENTRY ELEMENTS (KOHA) | |
| Koha item type | On order/under processing |
| Withdrawn status | Lost status | Damaged status | Not for loan | Home library | Current library | Date acquired | Source of acquisition | Cost, normal purchase price | Total Checkouts | Barcode | Date last seen | Cost, replacement price | Price effective from | Koha item type |
|---|---|---|---|---|---|---|---|---|---|---|---|---|---|---|
| University Library | University Library | 06/03/2026 | 146 | 660.00 | 00097650 | 06/03/2026 | 825.00 | 06/03/2026 | On order/under processing |
